1575 1283 1224 1154 1302 1675 1817 1722 1663 1954 1532 1767 1942 1287 1458 1346 1755 1258 1063 1500 1963 1131 1441 1343 1498 1235 1703 1841 1620 1620 1897 1111 1595 1629 1782 1023 1303 1524 1007 1849 1163 1536 1085 1511 1504 1784 1096 1050 1264 1349 1809 1791 1527 1857 1181 1039 1790 1211 1952 1581 1854 1856 1258 1641 1586 1568 1363 1506 1672 1423 1068 1198 1037 1734 1132 1445 1678 1935 1206 1458 1566 1186 1384 1818 1056 1910 1704 1983 1517 1731 1030 1635 1476 1645 1145 1474 1128 1639 1354 BCNSPRNW ULIB Ver.6.0+V

เปลี่ยนเป็นภาษาไทย

Change to English
 แสดงรายละเอียดบรรณานุกรม
  กลับหน้าหลัก

Brief Record : Get Marc (ISO 2709) : E-mail record : QR code < ปิดหน้าต่าง
LEADER : 00000nam 2200000uu 4500
001    13399111029
003     ULIB
008    110615s2552||||th 000 0 tha d
020    9743483394
060  4 WY18.2^bพ953ท
110 1  เพื่อนช่วยจำ
245 00 ทบทวนการพยาบาลมารดาและทารก M&C NR =^bMaternal and child nursing review/^cเพื่อนช่วยจำ
246 0  Maternal and child nursing review
260    กรุงเทพฯ:^bเพื่อนช่วยจำ,^c2552
300    207 หน้า
650  7 การพยาบาลมารดาและทารก^xข้อสอบ
710 1  เพื่อนช่วยจำ
945    ^p199^l0^i15805
945    ^p199^l0^i15554
945    ^p199^l0^i15553
945    ^p199^l0^i15552
945    ^p199^l0^i19279
945    ^p199^l0^i19280
995    เกษร
999    ^aใช้งานได้ทุกระบบ
รายการนี้ยังไม่มีแท็ก
คุณยังไม่ได้ล็อกอิน คุณสามารถมีกิจกรรมร่วมกับเว็บไซต์ได้ แต่ต้องล็อกอินก่อน ::
  ล็อกอิน

รายการสื่อสารสนเทศ

ลำดับที่ ประเภท เลขเรียก/บาร์โค้ด สถานที่ สถานะ
1. วิทยาศาสตร์การแพทย์ และสุขภาพ
หนังสือสำรอง
สถานะ=หนังสือสำรอง
WY18.2 พ953ท ฉ.1 
  Barcode: 15552
ห้องสมุดวิทยาเขตนครสวรรค์
►ส่วนจัดเก็บหนังสือเก่า นว.
บนชั้น
  ขอยืม
2. วิทยาศาสตร์การแพทย์ และสุขภาพ
วิทยาศาสตร์การแพทย์ และสุขภาพ
WY18.2 พ953ท ฉ.2 
  Barcode: 15553
ห้องสมุดวิทยาเขตนครสวรรค์
►ส่วนจัดเก็บหนังสือเก่า นว.
บนชั้น
  ขอยืม
3. วิทยาศาสตร์การแพทย์ และสุขภาพ
วิทยาศาสตร์การแพทย์ และสุขภาพ
WY18.2 พ953ท ฉ.3 
  Barcode: 15554
ห้องสมุดวิทยาเขตนครสวรรค์
►ส่วนจัดเก็บหนังสือเก่า นว.
บนชั้น
  ขอยืม
4. วิทยาศาสตร์การแพทย์ และสุขภาพ
วิทยาศาสตร์การแพทย์ และสุขภาพ
WY18.2 พ953ท ฉ.4 
  Barcode: 15805
ห้องสมุดวิทยาเขตนครสวรรค์
►ส่วนจัดเก็บหนังสือเก่า นว.
บนชั้น
  ขอยืม
5. วิทยาศาสตร์การแพทย์ และสุขภาพ
วิทยาศาสตร์การแพทย์ และสุขภาพ
WY18.2 พ953ท ฉ.5 
  Barcode: 19279
ห้องสมุดวิทยาเขตนครสวรรค์
►ส่วนจัดเก็บหนังสือเก่า นว.
บนชั้น
  ขอยืม
6. วิทยาศาสตร์การแพทย์ และสุขภาพ
วิทยาศาสตร์การแพทย์ และสุขภาพ
WY18.2 พ953ท ฉ.6 
  Barcode: 19280
ห้องสมุดวิทยาเขตนครสวรรค์
►ส่วนจัดเก็บหนังสือเก่า นว.
บนชั้น
  ขอยืม

BibComment


ยังไม่เคยถูกคอมเมนท์

คอมเมนท์ทรัพยากรรายการนี้
  คอมเมนท์: ทบทวนการพยาบาลมาร..


 Copyright 2026. Bcnsprnw @Library